Normal view
MARC view
Entry Personal Name
001 - CONTROL NUMBER
- control field: 9324
003 - CONTROL NUMBER IDENTIFIER
- control field: BD-RjUL
005 - DATE AND TIME OF LATEST TRANSACTION
- control field: 20231003112611.0
008 - FIXED-LENGTH DATA ELEMENTS
- fixed length control field: 231003|| aca||aabn | a|a d
040 ## - CATALOGING SOURCE
- Original cataloging agency: BD-RjUL
- Transcribing agency: BD-RjUL
100 ## - HEADING--PERSONAL NAME
- Personal name: 1500-1768 History India India History 1500-1768 Jahangir, Emperor of Hindustan, 1569-1627
670 ## - SOURCE DATA FOUND
- Source citation: Work cat.: (BD-RjUL)82032: خان٫ مىرزا محمد عرف معتمد ;; Khan, Mirza Muhammad alias Motamid 9323, Iqbāl nāmah-yi Jahāngīrī /اقبال نامۂ جهانگيرى /